Skoki Narciarskie - Medaliści MŚ w Lotach z Niemiec - Statystyki

Ogólne statystyki
  • Ten quiz został rozwiązany 34 razy
  • Średni wynik to 11 z 16
Statystyki odpowiedzi
Z S B Skoczek % Poprawnych
1x 2x 1x Karl Geiger
100%
- 2x 1x Markus Eisenbichler
94%
- 1x - Martin Schmitt
94%
1x 3x - Severin Freund
94%
- 3x 1x Andreas Wellinger
91%
1x - - Sven Hannawald
91%
- 2x 1x Richard Freitag
84%
- 1x 1x Stephan Leyhe
75%
- 1x 1x Pius Paschke
72%
- 1x - Constantin Schmid
69%
- - 1x Michael Uhrmann
69%
- - 1x Michael Neumayer
66%
- 1x - Andreas Wank
34%
- - 1x Alexander Herr
25%
- 1x - Maximilian Mechler
25%
- - 1x Georg Spath
22%
Nie znaleziono quizów pasujących do podanych kryteriów
Rozkład punktacji
Procent ludzi z każdym wynikiem
Percentyl według liczby udzielonych odpowiedzi
Twoja historia wyników
Nie rozwiązałeś tego quizu